One Hundred 1980s Albums - Statistics

General Stats
  • This quiz has been taken 224 times
  • The average score is 47 of 100
Answer Stats
Picture Answer % Correct
Michael Jackson - Bad
99%
Prince - Purple Rain
88%
George Michael - Faith
86%
Guns n' Roses - Appetite for Destruction
86%
Metallica - Master of Puppets
86%
AC/DC - Back in Black
85%
Rick Astley - Whenever You Need Somebody
85%
U2 - The Joshua Tree
82%
Tears For Fears - Songs From the Big Chair
81%
Phil Collins - No Jacket Required
80%
Tracy Chapman - Tracy Chapman
76%
Van Halen - 5150
76%
Dire Straits - Brothers in Arms
75%
The Police - Zenyatta Mondattaa
73%
Billy Idol - Rebel Yell
72%
Iron Maiden - Killers
72%
N.W.A. - Straight Outta Compton
71%
TOTO - TOTO IV
71%
Bryan Adams - Reckless
70%
Cyndi Lauper - She's So Unusual
70%
Lionel Richie - Can't Slow Down
70%
Talking Heads - Remain in Light
70%
Joan Jett & the Blackhearts - I Love Rock N' Roll
68%
Queen - The Game
68%
Tina Turner - Private Dancer
68%
Billy Joel - An Innocent Man
67%
Madonna - Like a Prayer
66%
INXS - Kick
65%
The Clash - Combat Rock
64%
Tom Petty - Full Moon Fever
64%
Kate Bush - The Dreaming
62%
Journey - Escape
61%
Aerosmith - Permanent Vacation
59%
Sade - Diamond Life
59%
The Smiths - The Queen is Dead
58%
Bonnie Tyler - Faster Than the Speed of Night
56%
Whitney Houston - Whitney
55%
The Cure - Disintegration
54%
Hall and Oates - Private Eyes
52%
Pet Shop Boys - Actually
52%
The Rolling Stones - Tattoo You
52%
The Human League - Dare
51%
Motörhead - Ace of Spades
50%
Def Leppard - Pyromania
49%
Huey Lewis & the News - Sports
49%
Willie Nelson - Always on My Mind
48%
ABBA - Super Trouper
47%
Run-D.M.C. - Raising Hell
47%
Rush - Moving Pictures
46%
Motley Crue - Dr. Feelgood
45%
Paula Abdul - Forever Your Girl
45%
Whitesnake - Whitesnake
45%
Megadeth - Peace Sells... But Who's Buying?
44%
Pat Benatar - Pat Benatar
44%
Stevie Nicks - Bella Donna
44%
Pretenders - Pretenders
42%
Bon Jovi - New Jersey
41%
Duran Duran - Duran Duran
41%
Judas Priest - British Steel
41%
Depeche Mode - Music for the Masses
40%
Beastie Boys - Paul's Boutique
39%
The Cars - Heartbeat City
39%
Bruce Springsteen - Nebraska
38%
Soft Cell - Non-Stop Erotic Cabaret
38%
Peter Gabriel - Peter Gabriel
37%
R.E.M. - Murmur
36%
Black Sabbath - Heaven or Hell
35%
Foreigner - Agent Provocateur
35%
New Order - Power, Corruption & Lies
35%
Slayer - Reign in Blood
35%
De La Soul - 3 Feet High and Rising
34%
Dio - Holy Diver
33%
George Strait - Strait to the Heart
33%
The Stone Roses - The Stone Roses
31%
John Mellencamp - Scarecrow
30%
Roxette - Look Sharp
30%
Sonic Youth - Daydream Nation
30%
Pixies - Surfer Rosa
29%
Rick Springfield - Working Class Dog
29%
Paul Young - The Secret of Association
28%
Richard Marx - Repeat Offender
26%
Eric B. & Rakim - Paid in Full
22%
Dead Kennedys - Fresh Fruit for Rotting Vegetables
21%
LL Cool J - BAD: Bigger and Deffer
21%
Scorpions - Love at First Sting
21%
Simple Minds - New Gold Dream
21%
Alphaville - Forever Young
20%
Bad Brains - Bad Brains
20%
Bauhaus - In the Flat Field
16%
Grandmaster Flash & the Furious Five - The Message
16%
Luther Vandross - Never Too Much
16%
The Outfield - Play Deep
16%
Siouxsie and the Banshees - Juju
15%
Minutemen - Double Nickels on the Dime
14%
Black Flag - Damaged
13%
Hüsker Dü - Zen Arcade
13%
The Psychedelic Furs - Talk Talk Talk
12%
Minor Threat - Minor Threat
10%
The Blue Nile - Hats
9%
The Sound - Jeopardy
8%
No matching quizzes found
Score Distribution
Percent of People with Each Score
Percentile by Number Answered
Your Score History
You have not taken this quiz